Đừng quên bổ sung kẽm cho trẻ

Bewaard in:
Bibliografische gegevens
Hoofdauteur: Vạn, Lực Sinh
Formaat: Boek
Taal:Undetermined
Gepubliceerd in: Hà Nội Y Học 2004
Onderwerpen:
Tags: Voeg label toe
Geen labels, Wees de eerste die dit record labelt!
Thư viện lưu trữ: Trung tâm Học liệu Trường Đại học Cần Thơ
LEADER 00555nam a2200205Ia 4500
001 CTU_87517
008 210402s9999 xx 000 0 und d
020 |c 25000 
082 |a 613.432 
082 |b S312 
100 |a Vạn, Lực Sinh 
245 0 |a Đừng quên bổ sung kẽm cho trẻ 
245 0 |c Vạn Lực Sinh, Trần Vĩnh Huy 
260 |a Hà Nội 
260 |b Y Học 
260 |c 2004 
650 |a Children 
650 |x Nutrition 
904 |i Tuyến 
980 |a Trung tâm Học liệu Trường Đại học Cần Thơ